Filosofía de lo bello (Record no. 18967)

MARC details
000 -LEADER
campo de control de longitud fija 00901nam a2200265 i 4500
001 - NÚMERO DE CONTROL
campo de control 18967
003 - IDENTIFICADOR DE NÚMERO DE CONTROL
campo de control ES-MaACL
005 - FECHA Y HORA DE LA ÚLTIMA TRANSACCIÓN
campo de control 20250815151521.0
007 - CAMPO FIJO DE DESCRIPCIÓN FÍSICA--INFORMACIÓN GENERAL
campo de control de longitud fija t|
008 - DATOS DE LONGITUD FIJA--INFORMACIÓN GENERAL
campo de control de longitud fija 020424s2001 sp ||||1| spa d
020 ## - NÚMERO INTERNACIONAL ESTÁNDAR DEL LIBRO
Número Internacional Estándar del Libro 84-370-5136-3
080 ## - NÚMERO DE LA CLASIFICACIÓN DECIMAL UNIVERSAL
Número de la Clasificación Decimal Universal 111.852
080 ## - NÚMERO DE LA CLASIFICACIÓN DECIMAL UNIVERSAL
Número de la Clasificación Decimal Universal 7.01
100 1# - ENTRADA PRINCIPAL--NOMBRE DE PERSONA
Nombre de persona Hartmann, Eduard von,
Fechas asociadas al nombre 1842-1906
9 (RLIN) 61986
245 10 - MENCIÓN DEL TÍTULO
Título Filosofía de lo bello
Resto del título : una reflexión sobre lo inconsciente en el arte /
Mención de responsabilidad, etc. Eduard von Hartmann ; estudio preliminar, traducción y notas de Manuel Pérez Cornejo.
260 ## - PUBLICACIÓN, DISTRIBUCIÓN, ETC.
Lugar de publicación, distribución, etc. [Valencia] :
Nombre del editor, distribuidor, etc. Universitat de Valencia,
Fecha de publicación, distribución, etc. [2001]
300 ## - DESCRIPCIÓN FÍSICA
Extensión 382 p. ;
Dimensiones 20 cm.
490 1# - MENCIÓN DE SERIE
Mención de serie Col.lecció Estètica & crítica ;
Designación de volumen o secuencia 14
650 #4 - PUNTO DE ACCESO ADICIONAL DE MATERIA--TÉRMINO DE MATERIA
Término de materia o nombre geográfico como elemento de entrada Estética.
9 (RLIN) 142387
700 1# - ENTRADA AGREGADA--NOMBRE PERSONAL
Nombre de persona Pérez Cornejo, Manuel
9 (RLIN) 90742
830 00 - PUNTO DE ACCESO ADICIONAL DE SERIE-TÍTULO UNIFORME
Título uniforme Estètica & crítica
Designación de volumen o secuencia 14
9 (RLIN) 225180
852 ## - LOCALIZACIÓN
Ubicación ES-MaACL
Número de control de estantería L-25442
Sublocalización o colección R.130222
942 ## - ELEMENTOS DE ENTRADA SECUNDARIOS (KOHA)
Fuente del sistema de clasificación o colocación Clasificación decimal universal
Holdings
Estatus retirado Estado de pérdida Estado de daño No para préstamo Biblioteca de origen Biblioteca actual Ubicación en estantería Fecha de adquisición Fuente de adquisición Total de préstamos Signatura topográfica completa Código de barras Visto por última vez Precio de reemplazo Tipo de ítem Koha
        Biblioteca del Ateneo de Madrid Biblioteca del Ateneo de Madrid Depósito 2 17/01/2008     L-25442 1019405 23/02/2023 23/02/2023 Libro impreso